|
|
|
|
| LEADER |
00000cam a2200000 c 4500 |
| 001 |
270052887 |
| 003 |
DE-627 |
| 005 |
20230301161448.0 |
| 007 |
tu |
| 008 |
990609s1968 xx ||||| 00| ||eng c |
| 035 |
|
|
|a (DE-627)270052887
|
| 035 |
|
|
|a (DE-576)9270052885
|
| 035 |
|
|
|a (DE-599)GBV270052887
|
| 035 |
|
|
|a (OCoLC)246659545
|
| 040 |
|
|
|a DE-627
|b ger
|c DE-627
|e rakwb
|
| 041 |
|
|
|a eng
|k ger
|
| 044 |
|
|
|c XA-DDDE
|
| 084 |
|
|
|a 0
|2 ssgn
|
| 245 |
0 |
0 |
|a Schwarzer Bruder
|b Lyrik amerikanischer Neger ; Gedichte, Spirituals, Work Songs, Protestlieder ; englisch und deutsch
|c hrsg. von Karl-Heinz Schönfelder
|
| 250 |
|
|
|a 2. Aufl.
|
| 264 |
|
1 |
|a Leipzig
|b Reclam
|c 1968
|
| 300 |
|
|
|a 206 S.
|b Notenbeisp.
|c kl. 8°
|e 8 D
|
| 336 |
|
|
|a Text
|b txt
|2 rdacontent
|
| 337 |
|
|
|a ohne Hilfsmittel zu benutzen
|b n
|2 rdamedia
|
| 338 |
|
|
|a Band
|b nc
|2 rdacarrier
|
| 490 |
0 |
|
|a Reclams Universal-Bibliothek
|v 257
|
| 500 |
|
|
|a Vertrieb in der Bundesrepublik Deutschland, in Westberlin und im kapitalistischen Ausland ist nicht gestattet
|
| 601 |
|
|
|a Spiritual
|
| 601 |
|
|
|a Englisch
|
| 601 |
|
|
|a Deutsche
|
| 652 |
|
|
|a RJ
|
| 700 |
1 |
|
|0 (DE-588)132909847
|0 (DE-627)528414178
|0 (DE-576)264419472
|4 oth
|a Schönfelder, Karl-Heinz
|d 1923-2018
|
| 935 |
|
|
|a FRST
|a mteo
|
| 951 |
|
|
|a BO
|
| ELC |
|
|
|b 1
|
| LOK |
|
|
|0 000 xxxxxcx a22 zn 4500
|
| LOK |
|
|
|0 001 4282158247
|
| LOK |
|
|
|0 003 DE-627
|
| LOK |
|
|
|0 004 270052887
|
| LOK |
|
|
|0 005 20240914080415
|
| LOK |
|
|
|0 008 230301||||||||||||||||ger|||||||
|
| LOK |
|
|
|0 040
|a DE-Tue135
|c DE-627
|d DE-Tue135
|
| LOK |
|
|
|0 092
|o n
|
| LOK |
|
|
|0 852
|a DE-Tue135
|
| LOK |
|
|
|0 852 1
|9 00
|
| LOK |
|
|
|0 866
|x SPQUE#Bibliothek der Franckeschen Stiftungen#SPSAM#Bibliothek des Leipziger Missionswerkes#SPUSM#Bestand der Missionsbibliothek in Leipzig#SPSYS#misb_systematik_G
|
| LOK |
|
|
|0 935
|a FRST
|a lemw
|a misb
|
| LOK |
|
|
|0 936ln
|0 1442053240
|a RJ
|
| LOK |
|
|
|0 939
|a 01-03-23
|b l01
|
| ORI |
|
|
|a SA-MARC-ixtheoa001.raw
|
| REL |
|
|
|a 1
|
| SUB |
|
|
|a REL
|